| 000 | 00522nam a2200181Ia 4500 | ||
|---|---|---|---|
| 005 | 20250508153417.0 | ||
| 008 | 008 250505s9999 xx 000 0 eng d | ||
| 037 | _aBooks to be hide in OPAC | ||
| 040 |
_aFEDL _beng _cFEDL |
||
| 041 |
_aeng _2eng |
||
| 084 |
_a371.93, UNI/O _qFEDL |
||
| 100 |
_aRowland Robert L _9763914 |
||
| 245 | 0 | _aStatistics on public institutions for delinquent children: 1956 | |
| 260 | _c1958 | ||
| 300 | _aiv,40p. | ||
| 942 |
_cHB _h371.93, UNI/O |
||
| 999 |
_c1342672 _d1342672 |
||